| 000 | 00548nam a22001937a 4500 | ||
|---|---|---|---|
| 999 |
_c14562 _d14562 |
||
| 003 | MIRAKIL | ||
| 005 | 20211214000620.0 | ||
| 008 | 211019b tu ||||| |||| 00| 0 tur d | ||
| 040 |
_aTR-AnCHP _btur _cTR-AnCHP |
||
| 082 |
_a320.9561 _bS26s 1980 |
||
| 100 | _aSarıca, Murat | ||
| 245 |
_aSiyasal tarih/ _cMurat Sarıca. |
||
| 260 |
_aİstanbul: _bFiliz Kitabevi, _c1980. |
||
| 300 |
_a324 s.: _c24 sm. |
||
| 504 | _aKaynakça vardır. | ||
| 650 | 0 |
_aSiyaset ve yönetim _xTürkiye _99 |
|
| 650 | 0 |
_aSiyasal Tarih _9796 _xTürkiye |
|
| 942 |
_2ddc _cBKS |
||